Statistics for Brooklyn Nets: Retired Numbers

Click here to take the quiz!

General Stats

  • This quiz has been taken 94 times
  • The average score is 3 of 6

Answer Stats

NumberPlayer% Correct
5Jason Kidd
91%
32Julius Erving
79%
52Buck Williams
69%
3Drazen Petrovic
58%
23John Williamson
17%
25Bill Melchionni
12%

Score Distribution

Percentile by Number Answered

Percent of People with Each Score

Your Score History

You have not taken this quiz